Sports Quiz

Random Sports or NFL Quiz

NFL Close-Up Logos Quiz Stats

Quiz Updated Sep 13, 2017

Challenge
Share
Tweet
Score 0/32 Timer 03:00
103 Plays Today
% Correct
Miami Dolphins
98.8%
Carolina Panthers
97.2%
Houston Texans
96.2%
Arizona Cardinals
96%
New England Patriots
95.9%
Denver Broncos
95.8%
Dallas Cowboys
95.5%
Oakland Raiders
95.4%
Baltimore Ravens
94.8%
New Orleans Saints
94.5%
Los Angeles Chargers
93.7%
Green Bay Packers
93.6%
Buffalo Bills
92.6%
San Francisco 49ers
92%
Detroit Lions
91.9%
Pittsburgh Steelers
91.3%
% Correct
Washington Redskins
91.3%
Seattle Seahawks
91%
Los Angeles Rams
90.6%
New York Giants
89.4%
Cincinnati Bengals
89%
Minnesota Vikings
87.6%
Philadelphia Eagles
87.5%
Chicago Bears
85.9%
Jacksonville Jaguars
85.8%
New York Jets
84.7%
Indianapolis Colts
83.8%
Atlanta Falcons
83.1%
Kansas City Chiefs
81.2%
Cleveland Browns
81.2%
Tampa Bay Buccaneers
73.4%
Tennessee Titans
72.1%

You're not logged in!

Compare scores with friends on all Sporcle quizzes.
Sign Up with Email
OR
Log In

You Might Also Like...

Show Comments

Extras

Top Quizzes Today


Score Distribution

Your Account Isn't Verified!

In order to create a playlist on Sporcle, you need to verify the email address you used during registration. Go to your Sporcle Settings to finish the process.